tiktoker quiz - Statistics

General Stats
  • This quiz has been taken 142 times
  • The average score is 7 of 15
Answer Stats
Hint Answer % Correct
damelio charli
98%
gregg avani
69%
barrett nessa
68%
hacker vinnie
67%
wright jack
59%
mae gomez sienna
54%
cyr kio
48%
holder tayler
42%
kettering lauren
33%
polibio mattia
27%
parker cynthia
26%
griggs quinton
25%
eubanks noen
17%
rosario alejandro
12%
winkler devyn
5%
No matching quizzes found
Score Distribution
Percent of People with Each Score
Percentile by Number Answered
Your Score History
You have not taken this quiz